Una mirada a la profesión docente en el Perú: Futuros docentes, docentes en servicio y formadores de docentes /
محفوظ في:
| مؤلف مشترك: | |
|---|---|
| التنسيق: | كتاب |
| اللغة: | Spanish |
| منشور في: |
Lima, Perú :
Ministerio de Educación; UNESCO
2017
|
| سلاسل: | Aportes para la reflexión y construcción de políticas docentes
|
| الموضوعات: | |
| الوسوم: |
إضافة وسم
لا توجد وسوم, كن أول من يضع وسما على هذه التسجيلة!
|
MARC
| LEADER | 00000nam a2200000 4500 | ||
|---|---|---|---|
| 008 | 180716b2017 p a|||| |||| 00| | spa d | ||
| 999 | |c 3545 |d 3545 | ||
| 020 | |a 9789972841262 | ||
| 090 | |a 13.09.09 |b 2488 | ||
| 110 | |9 4067 |a Perú. Ministerio de Educación | ||
| 245 | 1 | 4 | |a Una mirada a la profesión docente en el Perú: Futuros docentes, docentes en servicio y formadores de docentes / |c Ministerio de Eucación |
| 260 | |a Lima, Perú : |b Ministerio de Educación; UNESCO |c 2017 | ||
| 300 | |a 91 páginas; |b ilustraciones | ||
| 490 | |a Aportes para la reflexión y construcción de políticas docentes | ||
| 650 | 1 | 4 | |9 331 |a DOCENTES |
| 650 | 1 | 4 | |9 611 |a ACTITUDES |
| 650 | 1 | 4 | |9 1021 |a RELACIONES ENTRE DOCENTES Y ALUMNOS |
| 650 | 1 | 4 | |9 9 |a FORMACIÓN DE DOCENTES |
| 651 | 4 | |9 1736 |a PERÚ | |
| 942 | |i 004510 |h 13.09.09 2488 |2 z |c 01 | ||



